The winter's tale, (Record no. 7381)
[ view plain ]
| 000 -LEADER | |
|---|---|
| fixed length control field | 01064cam a2200289I 4500 |
| 001 - CONTROL NUMBER | |
| control field | 6588 |
| 003 - CONTROL NUMBER IDENTIFIER | |
| control field | GBCCL |
| 005 - DATE AND TIME OF LATEST TRANSACTION | |
| control field | 20241126110626.0 |
| 008 - FIXED-LENGTH DATA ELEMENTS--GENERAL INFORMATION | |
| fixed length control field | 750610s1918 ctu b 00000 eng |
| 010 ## - | |
| -- | 18003773 |
| 035 ## - SYSTEM CONTROL NUMBER | |
| System control number | OCM01383228 |
| 040 ## - CATALOGING SOURCE | |
| Original cataloging agency | DLC |
| Transcribing agency | ORL |
| Modifying agency | m.c. |
| -- | SER |
| -- | LBB |
| 049 ## - | |
| -- | LBBK |
| 050 0# - | |
| -- | PR2839.A2 |
| -- | P5 |
| 082 ## - DEWEY DECIMAL CLASSIFICATION NUMBER | |
| Classification number | 822.33 |
| Item number | SHA |
| 092 ## - LOCALLY ASSIGNED DEWEY CALL NUMBER (OCLC) | |
| Item number | R3 Pie |
| 092 ## - LOCALLY ASSIGNED DEWEY CALL NUMBER (OCLC) | |
| Classification number | 822.33 |
| Item number | S527w |
| 100 1# - MAIN ENTRY--PERSONAL NAME | |
| Personal name | Shakespeare, William, |
| Dates associated with a name | 1564-1616. |
| 9 (RLIN) | 9845 |
| 245 14 - TITLE STATEMENT | |
| Title | The winter's tale, |
| Statement of responsibility, etc. | ed. by Frederick E. Pierce. |
| 260 ## - PUBLICATION, DISTRIBUTION, ETC. | |
| Place of publication, distribution, etc. | Canada, |
| Name of publisher, distributor, etc. | Penguin books, |
| Date of publication, distribution, etc. | 1954. |
| 300 ## - PHYSICAL DESCRIPTION | |
| Extent | 144 p. |
| Dimensions | 18 cm. |
| 490 0# - SERIES STATEMENT | |
| Series statement | The Yale Shakespeare |
| 500 ## - GENERAL NOTE | |
| General note | Contains facsimile reproduction of "the first page of 'The winter's tale' from the earliest printed edition, the Shakespeare folio of 1623 ... The facsimile has been made from the Elizabethan club copy ... and is about one-third the size of the original." |
| 504 ## - BIBLIOGRAPHY, ETC. NOTE | |
| Bibliography, etc. note | "Suggestions for collateral reading": p. [135] |
| 700 1# - ADDED ENTRY--PERSONAL NAME | |
| Personal name | Pierce, F. E. |
| Fuller form of name | (Frederick Erastus), |
| Dates associated with a name | 1878-1935. |
| 9 (RLIN) | 13057 |
| 942 ## - ADDED ENTRY ELEMENTS (KOHA) | |
| Source of classification or shelving scheme | Dewey Decimal Classification |
| Koha item type | Books |
| Withdrawn status | Lost status | Source of classification or shelving scheme | Damaged status | Not for loan | Home library | Current Library | Shelving location | Date acquired | Total checkouts | Full call number | Barcode | Date last seen | Copy number | Price effective from | Koha item type |
|---|---|---|---|---|---|---|---|---|---|---|---|---|---|---|---|
| Dewey Decimal Classification | GRACE BIBLE COLLEGE | GRACE BIBLE COLLEGE | General Studies | 2018-08-02 | 822.33 SHA | 001775 | 2025-05-01 | c.1 | 2018-08-02 | Books |